Části a mechanismy strojů 3 Převody

Bibliographic Details
Main Author: Boháček, František (Author)
Format: Book
Language:Undetermined
PhysicalDescription:267 s.
Published: Brno Vysoké učení technické 1987

MARC

LEADER 00000nam a2200000 a 4500
001 vtls001305316
003 SK-MaSNL
005 20260301105256.0
008 240314s1987 xr 0 und
035 |a SNK000257537 
040 |a SNK  |b slo  |c SNK  |e AACR2 
044 |a xr  |c CZ 
100 1 |a Boháček, František  |4 aut  |9 296150 
245 1 0 |a Části a mechanismy strojů 3  |b Převody 
260 |a Brno  |b Vysoké učení technické  |c 1987 
300 |a 267 s. 
958 |a OND 
999 |c 700477  |d 702407 
952 |t P60, <04>, [BOOK], {604}  |a SNK  |b SNK  |y VYP  |7 0  |p 17A0101531  |o snkIB 58420/3 D1  |0 0  |1 1  |4 0  |d 1997-10-04  |l 0  |r 2005-01-02 00:00:00  |w 2026-02-23 
952 |t P60, <04>, [BOOK], {604}  |a SNK  |b SNK  |y VYP  |7 0  |p 17A0188537  |o snkIB 58420/3  |0 0  |1 0  |4 0  |d 1999-04-08  |l 0  |r 2005-01-02 00:00:00  |w 2026-02-23